| 000 | 01376nam a22002657a 4500 | ||
|---|---|---|---|
| 001 | 7192 | ||
| 003 | FISKH | ||
| 005 | 20250702093650.0 | ||
| 008 | 250702b cb ||||| |||| 00| 0 eng d | ||
| 020 | _a9781937954062 | ||
| 040 |
_aFISKH _beng _cFISKH _dFISKH |
||
| 050 | _aPZ7 | ||
| 082 | _a591.6 | ||
| 100 | _aFalconer, Leslie | ||
| 245 |
_aMy dad the tuk tuk driver / _cby Leslie Falconer ; Photographs by Kira Melisse photography |
||
| 260 |
_aMichigan : _bExperience Early Learning Company, _c2013. |
||
| 300 |
_a34 pages : _bcolor illustrations ; _c25 x 26 cm |
||
| 520 | _aTold through the eyes of a young Cambodian boy, this warm and engaging picture book follows his father as he works as a tuk‑tuk driver—Cambodia's iconic motorcycle taxi. Readers ride along as they pick up diverse passengers, pass local markets and temples, and the boy learns how his father treats each person with respect and kindness. Interwoven with Cambodian cultural elements, it brings to life the vibrancy of daily life. A bonus page adds fun Cambodia trivia, such as the koupry (national animal) and local facts. | ||
| 521 | 8 |
_a160
_bLexile estimate |
|
| 521 | 8 |
_aE
_bRaz-Plus |
|
| 650 |
_aCultural diversity _vCommunity work _xFather–child relationship _yCambodia daily life |
||
| 700 |
_aMelisse, Kira _eillustrator |
||
| 942 |
_2ddc _cBK _n0 |
||
| 999 |
_c7192 _d7192 |
||